World drug report / 2014

Guardado en:  
Detalles Bibliográficos
Tipo de documento: Electrónico Libro
Lenguaje:Inglés
Publicado: 2014
En: World drug report
Año: 2014
Acceso en línea: Volltext (doi)
Verificar disponibilidad: HBZ Gateway
Servicio de pedido Subito: Pedir ahora.
Palabras clave:

MARC

LEADER 00000cam a2200000 cc4500
001 1562469975
003 DE-627
005 20230427122033.0
007 cr uuu---uuuuu
008 170816s2014 xx |||||o 00| ||eng c
024 7 |a urn:nbn:de:bsz:21-dspace-683864  |2 urn 
024 7 |a 10.15496/publikation-9805  |2 doi 
024 7 |a 10900/68386  |2 hdl 
035 |a (DE-627)1562469975 
035 |a (DE-576)492469970 
035 |a (DE-599)BSZ492469970 
040 |a DE-627  |b ger  |c DE-627  |e rda 
041 |a eng 
082 0 4 |a 360  |a 340 
084 |a 2,1  |2 ssgn 
245 0 0 |a World drug report  |n 2014 
264 1 |c 2014 
300 |a 1 Online-Ressource (128 Seiten) 
336 |a Text  |b txt  |2 rdacontent 
337 |a Computermedien  |b c  |2 rdamedia 
338 |a Online-Ressource  |b cr  |2 rdacarrier 
650 0 7 |0 (DE-588)4020754-7  |0 (DE-627)104658827  |0 (DE-576)208934650  |a Gesundheit  |2 gnd 
650 0 7 |0 (DE-588)4033178-7  |0 (DE-627)10458503X  |0 (DE-576)209000511  |a Kriminalität  |2 gnd 
650 0 7 |0 (DE-588)4013058-7  |0 (DE-627)106345516  |0 (DE-576)20890168X  |a Droge  |2 gnd 
650 0 7 |0 (DE-588)4128022-2  |0 (DE-627)104616091  |0 (DE-576)209598573  |a Bericht  |2 gnd 
773 1 8 |a World drug report  |w (DE-627)734736282  |w (DE-576)377908681  |w (DE-600)2698267-5  |x 2411-8338  |g 2014  |q 2014,2014  |7 nnas 
856 |u https://doi.org/10.15496/publikation-9805  |x doi  |3 Volltext 
935 |h SWB  |i vSatz 
935 |h SWB  |i ld 
951 |a JV 
ELC |a 1 
LOK |0 000 xxxxxcx a22 zn 4500 
LOK |0 001 2977809953 
LOK |0 003 DE-627 
LOK |0 004 1562469975 
LOK |0 005 20170816110510 
LOK |0 008 170816||||||||||||||||ger||||||| 
LOK |0 040   |a DE-21  |c DE-627  |d DE-21 
LOK |0 852   |z Download, Universitätsbibliothek Tübingen, 2016 
LOK |0 852   |a DE-21 
LOK |0 852 1  |9 00 
LOK |0 935   |a opus  |a krim 
LOK |0 939   |a 16-08-17  |b l01 
ORI |a SA-MARC-krimdoka001.raw